| 000 | 00770nam a2200229 a 4500 | ||
|---|---|---|---|
| 001 | 48761 | ||
| 003 | BD-RjUL | ||
| 005 | 20211209054600.0 | ||
| 008 | 160816s1983 BG |||| |||| 00| 0 ben d | ||
| 020 | _c:TK. 10.00 | ||
| 035 | _a(BD-RjUL)48880 | ||
| 040 |
_aBD-RjUL _bben _cBD-RjUL |
||
| 041 | _aben | ||
| 082 |
_223 _a891.441 _bSIN 1983 |
||
| 100 | 1 |
_aসিরাজী, হাবীবুল্লাহ _9147021 |
|
| 245 | 1 | 0 |
_aনোনা জলে বুনো সংসার / _cহাবীবুল্লাহ সিরাজী |
| 260 |
_aঢাকা : _bলেখক, _c১৯৮৩ |
||
| 300 |
_a৫৬ পৃ ; _c২১ সেমি. |
||
| 650 |
_aবাংলা কবিতা _9146440 |
||
| 650 |
_aBengali Poetry _9146441 |
||
| 942 |
_2ddc _cBK |
||
| 999 |
_c48761 _d48761 |
||